Catalog

Record Details

Catalog Search



Available copies

  • 1 of 1 copy available at LARL/NWRL Consortium.

Current holds

0 current holds with 1 total copy.

Show Only Available Copies
Location Call Number / Copy Notes Barcode Shelving Location Status Due Date
Roseau Public Library GEN (Text) 35500002486692 Main Available -

Record details

  • ISBN: 031217974X
  • Physical Description: 296 p. ; 25 cm.
  • Publisher: New York : St. Martin's Press, 1998.
Subject: Airlines > Employees > Fiction.
Aircraft accidents > Fiction.
Genre: Legal stories.
LDR 00926nam a2200277Ia 4500
00121737
003LARL_NWRL_CONSORTIUM
00519980121104931.0
008970822s1998 nyu 000 1 eng
010 . ‡a97037110
020 . ‡a031217974X
035 . ‡a(OCoLC)37546772
040 . ‡aDLC ‡cDLC ‡dCLE ‡dLAL
08200. ‡a813/.54 ‡221
099 . ‡aGen
1001 . ‡aGenberg, Ira. ‡0(LARL_NWRL_CONSORTIUM)118330
24510. ‡aReckless homicide / ‡cIra Genberg.
260 . ‡aNew York : ‡bSt. Martin's Press, ‡c1998.
300 . ‡a296 p. ; ‡c25 cm.
650 0. ‡aAirlines ‡xEmployees ‡vFiction.
650 0. ‡aAircraft accidents ‡vFiction. ‡0(LARL_NWRL_CONSORTIUM)163195
655 7. ‡aLegal stories. ‡2gsafd
901 . ‡a21737 ‡bOCLC ‡c21737 ‡tbiblio

Additional Resources